Reliez le personnage à son doubleur français - Statistiques

Statistiques générales
  • Ce quiz a été pris 137 fois
  • Le résultat moyen est 16 sur 25
Statistiques - réponses
Hint Extra Hint Réponse % Correct
Titeuf et Hugo, dans Titeuf (2001-2017) Donald Reignoux
83%
Reese, dans Malcolm (2001-2006) Donald Reignoux
79%
Spider-Man, dans The Amazing Spider-Man (2012) Donald Reignoux
74%
Simba (adulte), dans Le Roi Lion (1994) Emmanuel Curtil
73%
Chandler Bing, dans Friends (1994-2002)
Emmanuel Curtil
73%
Indiana Jones dans la saga Indiana Jones (1989) Richard Darbois
72%
Astérix dans Les Aventures d'Astérix (1967-2014) Roger Carel
70%
Buzz l'Eclair, dans Toy Story (1995) Richard Darbois
69%
Le Génie, dans Aladdin (1993) Richard Darbois
68%
C-3PO dans la saga Star Wars (1977-2005) Roger Carel
67%
Kaa, dans le Livre de la jungle (1967) Roger Carel
66%
Colombus, dans Bienvenue à Zombieland (2009) Donald Reignoux
64%
Kristoff Bjorgman, dans La Reine des Neiges (2013) Donald Reignoux
63%
Kermit la grenouille, dans The Muppet Show Roger Carel
62%
Winnie l'ourson, Porcinet et Coco Lapin, dans Les Aventures de Winnie l'ourson (1977) Roger Carel
60%
Tom Scavo, dans Desperate Housewives (2004-2012)
Emmanuel Curtil
58%
Edward Lewis, dans Pretty Woman (1990) Richard Darbois
58%
Le Grinch, dans Le Grinch (2000) Emmanuel Curtil
56%
Maestro, dans Il était une fois... la Vie (1986-1988) Roger Carel
55%
Hercule Poirot, dans Hercule Poirot (1991-2011) Roger Carel
54%
Dr Ian Malcolm, dans la saga Jurassic Park (1993) Richard Darbois
53%
Kronk, dans Kuzco, l'empereur mégalo (2000)
Emmanuel Curtil
52%
Dimitri (adulte), dans Anastasia (1997) Emmanuel Curtil
51%
Horace Slughorn, dans Harry Potter et le Prince de sang-mêlé (2009) Roger Carel
46%
Johnny Castle, dans Dirty Dancing (1987) Richard Darbois
45%
Aucun quiz correspondant
Distribution des résultats
% des personnes avec chaque résultat
Percentile par nombre de réponses
Votre historique - résultats
Vous n’avez pas pris ce quiz